De Franco a Pinochet: el proyecto cultural franquista en Chile 1936-1980
Enregistré dans:
| Auteur principal: | |
|---|---|
| Format: | Livre |
| Langue: | espagnol |
| Publié: |
Santiago
Universidad de Chile
2006
|
| Collection: | Teoría, 16
|
| Sujets: | |
| Tags: |
Ajouter un tag
Pas de tags, Soyez le premier à ajouter un tag!
|
MARC
| LEADER | 00000nam a2200000 a 4500 | ||
|---|---|---|---|
| 001 | UCG1271 | ||
| 003 | CL-VaPUC | ||
| 008 | 100429e20060000CL |||||||||||||||||spa|d | ||
| 020 | |a 9789561905345 | ||
| 082 | 0 | 4 | |a 946.082 |b JAR |2 21 |
| 100 | |a Jara Hinojosa, Isabel |e author |9 561589 | ||
| 245 | 1 | 0 | |a De Franco a Pinochet: el proyecto cultural franquista en Chile 1936-1980 |
| 300 | |a 468 p | ||
| 942 | |c BK | ||
| 945 | |d 20100429 00:00:00 |a rbrito | ||
| 260 | |a Santiago |b Universidad de Chile |c 2006 | ||
| 650 | 0 | |a Franquismo |9 318598 | |
| 650 | 0 | |a Cultura |9 269059 | |
| 650 | 0 | |a Política |9 255312 | |
| 650 | 0 | |a Diplomacia |9 256483 | |
| 651 | 0 | |a España |9 254926 | |
| 651 | 7 | |a CHILE |2 CL-VaPUC |9 549117 | |
| 583 | |a last modification |c 20100429 00:00:00 |k Rodrigo Vera | ||
| 490 | 0 | |a Teoría, 16 | |
| 999 | |c 340676 |d 340674 | ||
| 952 | |0 0 |1 0 |4 0 |6 946_082000000000000_JAR_2006 |7 0 |8 A |9 435607 |a BIBART |b BIBART |d 2019-11-22 |i 4665287 |l 2 |o 946.082 JAR 2006 |p 4665287 |r 2025-03-13 |s 2020-12-22 |w 2019-11-22 |y BK |k ART | ||